<?xml version="1.0" encoding="UTF-8"?>
<record
    xmlns:xsi="http://www.w3.org/2001/XMLSchema-instance"
    xsi:schemaLocation="http://www.loc.gov/MARC21/slim http://www.loc.gov/standards/marcxml/schema/MARC21slim.xsd"
    xmlns="http://www.loc.gov/MARC21/slim">

  <leader>00856nam a2200217Ia 4500</leader>
  <controlfield tag="003">IN-BaIIA</controlfield>
  <controlfield tag="008">211028s9999    xx            000 0 eng d</controlfield>
  <datafield tag="020" ind1=" " ind2=" ">
    <subfield code="a">0-8194-6332-9</subfield>
  </datafield>
  <datafield tag="040" ind1=" " ind2=" ">
    <subfield code="c">IIA Library</subfield>
  </datafield>
  <datafield tag="080" ind1=" " ind2=" ">
    <subfield code="a">535(082.1)</subfield>
    <subfield code="b">SPI-6267</subfield>
  </datafield>
  <datafield tag="245" ind1=" " ind2="0">
    <subfield code="a">Ground-based and airborne telescopes</subfield>
    <subfield code="c">edited by L. M. Stepp                                       </subfield>
  </datafield>
  <datafield tag="260" ind1=" " ind2=" ">
    <subfield code="a">Bellingham</subfield>
    <subfield code="b">The International Society for Optical Engineering</subfield>
    <subfield code="c">2006</subfield>
  </datafield>
  <datafield tag="300" ind1=" " ind2=" ">
    <subfield code="a">[various pagings.]</subfield>
  </datafield>
  <datafield tag="490" ind1=" " ind2=" ">
    <subfield code="a">SPIE proceedings series; v. 6267, pt. 1-2</subfield>
  </datafield>
  <datafield tag="650" ind1=" " ind2=" ">
    <subfield code="a">Astronomical observatories - design and construction - congresses</subfield>
    <subfield code="9">30556</subfield>
  </datafield>
  <datafield tag="650" ind1=" " ind2=" ">
    <subfield code="a">Large astronomical telescopes - congresses</subfield>
    <subfield code="9">30557</subfield>
  </datafield>
  <datafield tag="650" ind1=" " ind2=" ">
    <subfield code="a">Space astronomy - congresses</subfield>
    <subfield code="9">30558</subfield>
  </datafield>
  <datafield tag="650" ind1=" " ind2=" ">
    <subfield code="a">Telescopes - design and construciton - congresses</subfield>
    <subfield code="9">30559</subfield>
  </datafield>
  <datafield tag="700" ind1=" " ind2=" ">
    <subfield code="a">Stepp, L. M .,ed.</subfield>
    <subfield code="9">30560</subfield>
  </datafield>
  <datafield tag="942" ind1=" " ind2=" ">
    <subfield code="c">BK</subfield>
  </datafield>
  <datafield tag="999" ind1=" " ind2=" ">
    <subfield code="c">16466</subfield>
    <subfield code="d">16466</subfield>
  </datafield>
  <datafield tag="952" ind1=" " ind2=" ">
    <subfield code="0">0</subfield>
    <subfield code="1">0</subfield>
    <subfield code="4">0</subfield>
    <subfield code="7">0</subfield>
    <subfield code="a">BAN</subfield>
    <subfield code="b">BAN</subfield>
    <subfield code="c">GEN</subfield>
    <subfield code="d">2007-04-24</subfield>
    <subfield code="e">EDS   </subfield>
    <subfield code="g">9061.00</subfield>
    <subfield code="l">0</subfield>
    <subfield code="o">535(082.1)/ SPI-6267</subfield>
    <subfield code="p">17388</subfield>
    <subfield code="r">2021-11-05</subfield>
    <subfield code="v">9061.00</subfield>
    <subfield code="w">2007-04-24</subfield>
    <subfield code="y">BK</subfield>
    <subfield code="G">Rs. 9061.00  </subfield>
  </datafield>
</record>
